| 000 | 00928nam a2200217 i 4500 | ||
|---|---|---|---|
| 001 | 47866 | ||
| 003 | ES-MaACL | ||
| 005 | 20230906161641.0 | ||
| 007 | t| | ||
| 008 | 030619s1879 sp ||||1| spa d | ||
| 245 | 0 | 0 |
_aHistorias de la clínica quirúrgica _b: (segundo curso) en la Facultad de Medicina de Madrid. Primer cuaderno / _crevisadas por el Doctor Don Juan Creus y Manso ; publicadas por los alumnos de la misma, Félix Creus y José Grinda. |
| 260 |
_aMadrid : _b[s.n.], _c1879 ( _fImprenta de F. Maroto e Hijos) |
||
| 300 |
_a301 p. ; _c21 cm. |
||
| 500 | _aPrecede al tít.: Año académico de 1878 a 1879. | ||
| 650 | 4 |
_aCirugía- _vCasos clínicos. _9139190 |
|
| 700 | 1 |
_aCreus y Manso, Juan. _941578 |
|
| 700 | 0 |
_aCreus, Félix. _941569 |
|
| 700 | 0 |
_aGrinda y Forner, José. _960068 |
|
| 852 |
_aES-MaACL _jG-15437(2) |
||
| 852 |
_aES-MaACL _jT-432-F-14 _z.- Anotaciones manuscritas en los márgenes del texto |
||
| 999 |
_c47866 _d47866 |
||